| 000 | 00591cam a2200241ua 4500 | ||
|---|---|---|---|
| 020 | _c32.00 (PB) | ||
| 041 |
_aeng _h |
||
| 082 |
_a658.4032 _bDAN/PR |
||
| 100 |
_aDaniels , Alan . _95935 |
||
| 245 |
_aPractical system design / _cAlan Daniels. _hTextual Documents |
||
| 250 |
_a1 / _b. |
||
| 260 |
_a : _bGalcotia Publications Pvt Ltd , _c1985. |
||
| 300 | _a258 ; . | ||
| 365 | _a32.00 | ||
| 504 | _a | ||
| 650 |
_aSystem Design _95936 |
||
| 650 |
_aSystem Management _95937 |
||
| 700 | 1 |
_aYeats, Don . _95938 |
|
| 942 | _cBK | ||
| 999 |
_c27 _d27 |
||
| 003 | @ | ||
| 003 | OSt | ||